000 00470nam a2200181Ia 4500
008 240925s9999 xx 000 0 und d
020 _a471604933
082 _a621.38153 BUR
100 _aPeter, Burger
245 0 _aDigital Design: a practical course
250 _aNA
260 _aNew York:
_bJohn Wiley& Sons
_c,1988.
300 _axii,295p.
_bNA
_fOriginal
500 _aIncludes Index
600 _aElectronic Engineering
650 _aTechnology
942 _cBK
999 _c3439
_d3439